[Event "III Festival A"]
[Site "Senigallia ITA"]
[Date "2008.08.09"]
[Round "8"]
[White "Borgiani, Flavio"]
[Black "Lazic, Miroljub"]
[Result "0-1"]
[WhiteElo "2215"]
[BlackElo "2528"]
[PlyCount "110"]
[EventDate "2008.08.02"]

1. d4 d5 2. Nf3 Nf6 3. c4 c6 4. e3 e6 5. Nc3 Nbd7 6. Qc2 Bd6 7. b3 O-O 8. Be2
Qe7 9. O-O Re8 10. e4 Nxe4 11. Nxe4 dxe4 12. Qxe4 e5 13. Bg5 Qf8 14. Bd3 f5 15.
Qh4 e4 16. c5 Bc7 17. Bc4+ Kh8 18. Nd2 Bd8 19. Bxd8 Rxd8 20. b4 b5 21. Bb3 Nf6
22. Qf4 Rxd4 23. Nf3 Rd5 24. Ng5 h6 25. Qh4 Qe7 26. Nh3 Rd8 27. Nf4 Kh7 28. Nh3
Kh8 29. Nf4 Kh7 30. Nh3 Nd5 31. Qxe7 Nxe7 32. Rad1 Rxd1 33. Rxd1 a5 34. bxa5
Rxa5 35. Nf4 b4 36. Rc1 Ba6 37. h4 g5 38. Ne6 Kg6 39. Nf8+ Kg7 40. Ne6+ Kf6 41.
hxg5+ hxg5 42. g3 Bc8 43. Nd8 Ba6 44. Ne6 Bd3 45. Kg2 Ra3 46. Rh1 g4 47. Rh6+
Ke5 48. Nd8 Kd4 49. Nxc6+ Nxc6 50. Rxc6 Ra5 51. Rf6 Rxc5 52. Be6 Be2 53. Rxf5
Bf3+ 54. Kh2 Rc7 55. Bf7 Kd3 0-1

[Event "III Festival A"]
[Site "Senigallia ITA"]
[Date "2008.08.09"]
[Round "8"]
[White "De Blasio, Alessandro"]
[Black "Van der Veen, Ronald"]
[Result "1-0"]
[WhiteElo "2073"]
[BlackElo "2013"]
[PlyCount "91"]
[EventDate "2008.08.02"]

1. e4 c6 2. d4 d5 3. Nc3 dxe4 4. Nxe4 Bf5 5. Ng3 Bg6 6. h4 h6 7. Nf3 e6 8. h5
Bh7 9. Bd3 Bxd3 10. Qxd3 Bb4+ 11. c3 Bd6 12. Ne4 Be7 13. Bf4 Nf6 14. Nxf6+ Bxf6
15. O-O-O Nd7 16. Kb1 Nb6 17. c4 Bg5 18. Bxg5 hxg5 19. Ne5 Qf6 20. g4 O-O-O 21.
Rh3 Nd7 22. Nxc6 bxc6 23. Qa3 Nb8 24. Rf3 Rxd4 25. Rxf6 Rxd1+ 26. Kc2 Rhd8 27.
Rf3 a6 28. Qe7 R1d2+ 29. Kc3 R2d7 30. Qxg5 f6 31. Qg6 c5 32. h6 gxh6 33. Qxf6
Nc6 34. Qxe6 Kc7 35. Rf7 Rxf7 36. Qxf7+ Rd7 37. Qf4+ Kb7 38. Qxh6 Nb4 39. Qh1+
Kb6 40. Qb1 Rd4 41. a3 Nc6 42. Qf5 Rd6 43. g5 Nd4 44. Qg4 Re6 45. g6 Re2 46. g7
1-0

[Event "III Festival A"]
[Site "Senigallia ITA"]
[Date "2008.08.09"]
[Round "8"]
[White "Ferretti, Folco"]
[Black "Caruso, Augusto"]
[Result "0-1"]
[WhiteElo "2284"]
[BlackElo "2227"]
[PlyCount "114"]
[EventDate "2008.08.02"]

1. Nf3 e6 2. c4 d5 3. g3 c5 4. Bg2 Nc6 5. O-O Nf6 6. b3 Be7 7. Bb2 d4 8. e3 e5
9. exd4 exd4 10. Re1 O-O 11. Ne5 Nxe5 12. Rxe5 Ng4 13. Re1 Bf6 14. d3 Ne5 15.
Be4 Re8 16. Nd2 Rb8 17. Qc2 Bg4 18. f4 Ng6 19. Bg2 h5 20. Rxe8+ Qxe8 21. Ne4
Be7 22. Qf2 Qd7 23. Re1 b6 24. Nd2 Bf6 25. Be4 Ne7 26. Nf3 Re8 27. Bc1 Nf5 28.
Bd2 g6 29. Bd5 Rxe1+ 30. Qxe1 Ne3 31. Ne5 Bxe5 32. Bxe3 dxe3 33. fxe5 e2 34. h3
Bxh3 35. Qxe2 Qf5 36. Kh2 Bf1 37. Qe3 Qxd3 38. Qf4 Qf5 39. Qxf5 gxf5 40. e6 Kf8
41. exf7 Bd3 42. Kh3 Bb1 43. a3 Ba2 44. Bc6 Bxb3 45. Bb5 Kxf7 46. Kh4 Kg6 47.
Be8+ Kf6 48. Bb5 Bd1 49. Be8 Be2 50. Bb5 Bg4 51. Be8 Be2 52. Bb5 Ke5 53. Kg5
Bg4 54. Bd7 Kd4 55. Be6 f4 56. Bxg4 hxg4 57. Kxf4 Kxc4 0-1

[Event "III Festival B"]
[Site "Senigallia ITA"]
[Date "2008.08.04"]
[Round "1"]
[White "Catalano, Luigi"]
[Black "Tomio, Dante"]
[Result "0-1"]
[WhiteElo "1716"]
[BlackElo "1968"]
[PlyCount "95"]
[EventDate "2008.08.04"]

1. e4 c5 2. Nf3 d6 3. Bc4 e6 4. Nc3 Nf6 5. a3 Nc6 6. h3 a6 7. d3 Be7 8. O-O Qc7
9. Bf4 O-O 10. Ba2 b5 11. Ne2 Bb7 12. Ng3 Rfd8 13. Re1 Nd7 14. c3 Nde5 15. Rc1
Qb6 16. Bb1 a5 17. Be3 d5 18. Bf4 Ng6 19. Be3 dxe4 20. Nxe4 Nce5 21. Qe2 Nxf3+
22. Qxf3 f5 23. Qh5 fxe4 24. dxe4 Qc6 25. Re2 Rd7 26. f3 Rad8 27. Bc2 e5 28. g3
c4 29. Rf1 Bc5 30. Qg5 Qb6 31. h4 Bxe3+ 32. Qxe3 Qxe3+ 33. Rxe3 Rd2 34. Rf2
Rxf2 35. Kxf2 Rd2+ 36. Re2 Rxe2+ 37. Kxe2 Kf7 38. Ke3 Ke6 39. h5 Ne7 40. g4 h6
41. Kf2 Nc6 42. Kg3 b4 43. f4 exf4+ 44. Kxf4 b3 45. Bd1 Ne5 46. Be2 Nd3+ 47.
Bxd3 cxd3 48. Ke3 0-1

[Event "III Festival B"]
[Site "Senigallia ITA"]
[Date "2008.08.04"]
[Round "1"]
[White "Panarello, Giuseppe"]
[Black "Romano, Andrea Enzo"]
[Result "1-0"]
[WhiteElo "1935"]
[BlackElo "1626"]
[PlyCount "93"]
[EventDate "2008.08.04"]

1. d4 d5 2. Nf3 Nf6 3. Bf4 Bf5 4. e3 e6 5. c4 c6 6. Nc3 Be7 7. Qb3 Qc8 8. h3
Nbd7 9. Rc1 O-O 10. cxd5 exd5 11. Be2 Re8 12. Nb5 Rd8 13. Nc7 Rb8 14. O-O Nf8
15. Kh2 Ng6 16. Bg3 Ne4 17. Nb5 Nxg3 18. fxg3 a6 19. Nc3 Qe6 20. g4 Qd6+ 21. g3
Be6 22. a3 Rdc8 23. Na4 Bd8 24. Nc5 Qc7 25. Qc3 Qd6 26. Bd3 Bc7 27. Rg1 Qe7 28.
Kg2 Nf8 29. Rce1 Nd7 30. b4 Nxc5 31. bxc5 Rf8 32. Qc2 h6 33. Nh4 Qd7 34. Bf5 b5
35. Qd2 g5 36. Bxe6 fxe6 37. Nf3 Rf7 38. Qd3 Kg7 39. Ref1 Rbf8 40. h4 Qe7 41.
hxg5 hxg5 42. Rh1 Kg8 43. Qg6+ Rg7 44. Qh6 Rh7 45. Qxh7+ Qxh7 46. Rxh7 Kxh7 47.
Nxg5+ 1-0

[Event "III Festival B"]
[Site "Senigallia ITA"]
[Date "2008.08.06"]
[Round "3"]
[White "Macellari, Giordano"]
[Black "Berton, Venanzio"]
[Result "1-0"]
[WhiteElo "1434"]
[BlackElo "1509"]
[PlyCount "103"]
[EventDate "2008.08.04"]

1. d4 d5 2. Nf3 Nf6 3. Bf4 Bg4 4. e3 e6 5. h3 Bf5 6. Nbd2 h6 7. c3 Be7 8. Qb3
b6 9. c4 c6 10. cxd5 exd5 11. Bxb8 Rxb8 12. Ne5 Rc8 13. Rc1 Qd6 14. Qa4 Qb4 15.
Qxb4 Bxb4 16. Ba6 Bxd2+ 17. Kxd2 Rc7 18. Rxc6 Re7 19. Rhc1 O-O 20. Rc7 Ne4+ 21.
Ke1 Re6 22. R1c6 f6 23. Rxe6 Bxe6 24. Nc6 f5 25. Rxa7 f4 26. f3 Ng3 27. exf4
Rxf4 28. Re7 Rf6 29. a4 Bxh3 30. gxh3 Rxc6 31. Bb7 Rc2 32. Bxd5+ Kf8 33. Rf7+
Ke8 34. Rxg7 Nf5 35. Be4 Nxg7 36. Bxc2 Ne6 37. d5 Ng5 38. Ke2 Nxh3 39. Be4 Ng5
40. b4 Ke7 41. a5 bxa5 42. bxa5 Kd6 43. a6 Kc7 44. d6+ Kb6 45. d7 Ne6 46. Bb7
Kc7 47. Ke3 h5 48. f4 Nd8 49. Kf3 Ne6 50. Kg3 Kxd7 51. Bf3 Kc7 52. a7 1-0

[Event "C.to Mondiale U20"]
[Site "Gaziantep TUR"]
[Date "2008.08.15"]
[Round "13"]
[White "Ronchetti, Niccolo'"]
[Black "Pascua, Haridas"]
[Result "1/2-1/2"]
[WhiteElo "2434"]
[BlackElo "2171"]
[PlyCount "214"]
[EventDate "2008.08.03"]

1. e4 c5 2. Nf3 Nc6 3. Bb5 g6 4. O-O Bg7 5. c3 Nf6 6. Qa4 Qc7 7. Re1 a6 8. d4
cxd4 9. cxd4 O-O 10. Nc3 Na5 11. Bd3 b5 12. Qa3 Bb7 13. Bg5 e6 14. Rac1 Qb6 15.
Qc5 Qxc5 16. dxc5 Rfc8 17. b4 Nc6 18. a3 Ne8 19. e5 h6 20. Bd2 g5 21. h3 f6 22.
exf6 Nxf6 23. Rcd1 Re8 24. Ne4 Nxe4 25. Bxe4 Nd8 26. Bc1 Bxe4 27. Rxe4 Ra7 28.
Ne5 Bxe5 29. Rxe5 Kh7 30. h4 Nf7 31. Re4 Kg6 32. hxg5 hxg5 33. Bb2 Nd8 34. Rd3
Rf8 35. g4 Nc6 36. Bc1 Rh8 37. Kg2 Rh7 38. Rxd7 Rhxd7 39. Rxe6+ Kh7 40. Rxc6
Rd4 41. Kg3 Rd3+ 42. Kg2 Rd4 43. Kf3 a5 44. bxa5 Rxa5 45. Rb6 Rc4 46. Be3 Kg7
47. Kg3 Kf7 48. Bxg5 Rxa3+ 49. Kh4 Rb3 50. f4 Rxc5 51. Rb7+ Kg8 52. f5 Rc6 53.
Kh5 Rh3+ 54. Bh4 Rf6 55. Rxb5 Rf7 56. Rb8+ Rf8 57. Rb6 Rf7 58. f6 Kh7 59. g5
Rxh4+ 60. Kxh4 Kg6 61. Rb8 Ra7 62. Rb4 Ra1 63. Rf4 Rh1+ 64. Kg3 Rh7 65. Rf1 Rh8
66. Kg4 Rh7 67. Rf2 Rb7 68. Kf4 Rb5 69. Ke4 Rb7 70. Ke5 Ra7 71. Ke6 Ra6+ 72.
Kd7 Ra7+ 73. Kc6 Rf7 74. Kd5 Ra7 75. Ke4 Ra4+ 76. Ke3 Ra3+ 77. Kf4 Ra4+ 78. Kg3
Ra7 79. Kg4 Rh7 80. Re2 Ra7 81. Re4 Ra1 82. Re5 Ra4+ 83. Kf3 Rb4 84. Re4 Rb3+
85. Kf4 Rb5 86. Re5 Rb4+ 87. Kf3 Ra4 88. Re3 Rb4 89. Re4 Rb3+ 90. Kf4 Rb5 91.
Re5 Rb4+ 92. Kg3 Rb3+ 93. Kf2 Rb8 94. Rd5 Re8 95. Kf3 Re1 96. Kf4 Rf1+ 97. Ke3
Ra1 98. Kd4 Rc1 99. Re5 Ra1 100. Kd5 Ra6 101. Re6 Ra5+ 102. Kd6 Ra7 103. Re7
Ra6+ 104. Kc7 Kxg5 105. f7 Ra8 106. Kd6 Kf6 107. Re8 Ra6+ 1/2-1/2

[Event "C.to Mondiale U20"]
[Site "Gaziantep TUR"]
[Date "2008.08.15"]
[Round "13"]
[White "Vocaturo, Daniele"]
[Black "Enchev, Ivajlo"]
[Result "0-1"]
[WhiteElo "2417"]
[BlackElo "2367"]
[PlyCount "84"]
[EventDate "2008.08.03"]

1. c4 c5 2. Nc3 Nc6 3. g3 g6 4. Bg2 Bg7 5. e3 Nh6 6. Nge2 Nf5 7. d3 b6 8. O-O
Bb7 9. b3 h5 10. h3 d6 11. Bb2 Qd7 12. Qd2 Ne5 13. e4 Nd4 14. Nxd4 cxd4 15. Ne2
Nc6 16. f4 e5 17. b4 a5 18. a3 Bh6 19. Kh1 Nd8 20. Qe1 axb4 21. axb4 Rxa1 22.
Bxa1 O-O 23. f5 b5 24. g4 hxg4 25. Qh4 Be3 26. Qf6 bxc4 27. hxg4 Re8 28. fxg6
Qe6 29. Qh4 Qxg6 30. Ng3 Bg5 31. Qh3 cxd3 32. Nf5 Qh7 33. Qxh7+ Kxh7 34. Nxd6
Re7 35. Rd1 d2 36. Nc4 Ba6 37. Bf1 Nc6 38. Nxd2 Bxf1 39. Nxf1 Nxb4 40. Bb2 Ra7
41. Ba1 Rxa1 42. Rxa1 Bc1 0-1

[Event "C.to Mondiale U20 femminile"]
[Site "Gaziantep TUR"]
[Date "2008.08.15"]
[Round "13"]
[White "Chierici, Marianna"]
[Black "Shamima, Akter Liza"]
[Result "0-1"]
[WhiteElo "2037"]
[BlackElo "2099"]
[PlyCount "78"]
[EventDate "2008.08.03"]

1. e4 c5 2. Nf3 Nc6 3. c3 d5 4. exd5 Qxd5 5. d4 g6 6. dxc5 Qxc5 7. Be3 Qa5 8.
Bc4 Bg7 9. Qb3 e6 10. Na3 Nge7 11. h4 Nf5 12. Bf4 a6 13. O-O-O b5 14. Bd3 Bd7
15. Be4 Rc8 16. Kb1 Nfe7 17. Ng5 Rd8 18. h5 h6 19. Nxf7 Kxf7 20. hxg6+ Ke8 21.
Rxd7 Rxd7 22. Qxe6 Nd8 23. Qh3 Qa4 24. Qf3 Rf8 25. g3 b4 26. Nc4 bxc3 27. b3
Qb4 28. Qe2 Ne6 29. Bxh6 Bxh6 30. Rxh6 Nd4 31. Qd1 c2+ 32. Bxc2 Nxb3 33. Qxd7+
Kxd7 34. Ne5+ Kc7 35. Nd3 Nd2+ 36. Kc1 Qc3 37. Rh5 Nc4 38. g7 Qd2+ 39. Kb1 Rb8+
0-1

[Event "XIX C.to NATO"]
[Site "Bruxelles BEL"]
[Date "2008.08.05"]
[Round "2"]
[White "Donati, Roberto"]
[Black "Schenk, Andreas"]
[Result "0-1"]
[WhiteElo "2154"]
[BlackElo "2509"]
[PlyCount "96"]
[EventDate "2008.08.04"]

1. d4 Nf6 2. Nf3 d5 3. e3 c5 4. b3 Nc6 5. Bb2 Bg4 6. Be2 e6 7. O-O Be7 8. a3
Rc8 9. Nbd2 O-O 10. c4 dxc4 11. Nxc4 Bxf3 12. Bxf3 cxd4 13. Bxc6 Rxc6 14. Bxd4
Bc5 15. Bb2 Be7 16. Qe2 Qd5 17. Rfd1 Qb5 18. Qd3 h6 19. a4 Qh5 20. Qf1 a6 21.
Rac1 Rfc8 22. h3 Qf5 23. g4 Qg5 24. f4 Qh4 25. Qf3 Nd5 26. Kg2 b5 27. axb5 axb5
28. Nd2 Rxc1 29. Bxc1 Bb4 30. Nf1 Rc2+ 31. Kg1 Be1 32. Bd2 Bxd2 33. Rxd2 Rxd2
34. Nxd2 Qe1+ 35. Nf1 Qc3 36. b4 Qxb4 37. f5 Qc4 38. fxe6 fxe6 39. Qg3 b4 40.
Qe5 Kf7 41. Qb2 Qc3 42. Qf2+ Kg8 43. e4 Nf6 44. Qb6 Kf7 45. Qb7+ Kg6 46. e5 Nd5
47. Qb8 Nf4 48. Qe8+ Kh7 0-1

[Event "XIX C.to NATO"]
[Site "Bruxelles BEL"]
[Date "2008.08.05"]
[Round "2"]
[White "Gerardi, Saverio"]
[Black "Maes, Patrick"]
[Result "1-0"]
[WhiteElo "2176"]
[BlackElo "2107"]
[PlyCount "79"]
[EventDate "2008.08.04"]

1. e4 g6 2. d4 Bg7 3. Nc3 d6 4. Be3 c6 5. Qd2 b5 6. f3 Nd7 7. Bd3 Nb6 8. b3 Nf6
9. Nge2 O-O 10. Bh6 b4 11. Nd1 a5 12. h4 Bxh6 13. Qxh6 Kh8 14. h5 Ng8 15. Qd2
e5 16. hxg6 fxg6 17. Nf2 Qf6 18. a3 c5 19. axb4 cxb4 20. Qe3 d5 21. exd5 exd4
22. Qxd4 Kg7 23. Be4 Bb7 24. Ng4 Qxd4 25. Nxd4 Bc8 26. d6 Re8 27. O-O-O Rxe4
28. fxe4 Bxg4 29. Rd2 Nf6 30. e5 Ne8 31. Rf1 a4 32. Rf4 h5 33. Rdf2 axb3 34.
Nxb3 Bf5 35. Rxb4 Rb8 36. Nd4 Nd7 37. Rxb8 Nxb8 38. Nxf5+ gxf5 39. Rxf5 Kg6 40.
Rf8 1-0

[Event "XIX C.to NATO"]
[Site "Bruxelles BEL"]
[Date "2008.08.05"]
[Round "2"]
[White "Kilic, Mehmet"]
[Black "Benedetti, Fabrizio"]
[Result "1/2-1/2"]
[WhiteElo "2108"]
[BlackElo "2191"]
[PlyCount "93"]
[EventDate "2008.08.04"]

1. e4 c5 2. Nf3 Nc6 3. Nc3 Qc7 4. Nd5 Qb8 5. g3 d6 6. Bg2 e6 7. Nc3 b5 8. O-O
b4 9. Nb1 e5 10. d4 cxd4 11. c3 dxc3 12. bxc3 Nf6 13. cxb4 Nxb4 14. Nc3 Bd7 15.
Rb1 Qc8 16. Rxb4 Qxc3 17. Bd2 Qc8 18. Qb1 Be7 19. Rc1 Qd8 20. Rb7 O-O 21. Rcc7
Rc8 22. Ba5 Rxc7 23. Bxc7 Qa8 24. Nd2 Rc8 25. f4 Bc6 26. Rb8 Rxb8 27. Qxb8+
Qxb8 28. Bxb8 a6 29. h3 Nd7 30. Bc7 Bb5 31. Kf2 Nc5 32. Ke3 h6 33. h4 Ne6 34.
Bb8 exf4+ 35. gxf4 g5 36. hxg5 hxg5 37. f5 Nf4 38. Bf1 Bxf1 39. Nxf1 Kf8 40.
Nd2 Ke8 41. f6 Bf8 42. Kf3 Nh5 43. e5 dxe5 44. Bxe5 Kd7 45. Kg4 Ke6 46. Nf3
Nxf6+ 47. Kxg5 1/2-1/2

[Event "XIX C.to NATO"]
[Site "Bruxelles BEL"]
[Date "2008.08.05"]
[Round "3"]
[White "Benedetti, Fabrizio"]
[Black "Wagenaar, Harm Theo"]
[Result "1-0"]
[WhiteElo "2191"]
[BlackElo "2104"]
[PlyCount "85"]
[EventDate "2008.08.04"]

1. e4 c5 2. Nf3 e6 3. d4 cxd4 4. Nxd4 a6 5. Nc3 Qc7 6. Be2 Nc6 7. Be3 Nf6 8.
O-O Bb4 9. f3 Bxc3 10. bxc3 d5 11. Nxc6 bxc6 12. Bc5 Nd7 13. Ba3 Qa5 14. Bd6
Qxc3 15. Rb1 Qe3+ 16. Kh1 f6 17. Rb3 Qa7 18. c4 Nc5 19. Rb2 Nb7 20. Ba3 d4 21.
c5 e5 22. Rb6 Nd8 23. Qa4 O-O 24. Bc4+ Kh8 25. f4 Qe7 26. f5 Qd7 27. Qb3 Qc7
28. Rf3 Re8 29. Rh3 g5 30. Rh6 Qg7 31. Qh3 Re7 32. Qh5 Qf8 33. Qg6 Raa7 34.
Qxf6+ Qxf6 35. Rxf6 Red7 36. Rd6 Kg7 37. Kg1 Rxd6 38. cxd6 Rb7 39. Bc5 Kf6 40.
Bxa6 Rxb6 41. Bxb6 Bxa6 42. Bxd8+ Kf7 43. d7 1-0

[Event "XIX C.to NATO"]
[Site "Bruxelles BEL"]
[Date "2008.08.05"]
[Round "3"]
[White "Patron, Pascal"]
[Black "Donati, Roberto"]
[Result "0-1"]
[WhiteElo "2002"]
[BlackElo "2154"]
[PlyCount "80"]
[EventDate "2008.08.04"]

1. e4 c5 2. d4 cxd4 3. c3 d3 4. Bxd3 Nc6 5. c4 d6 6. Nc3 Nf6 7. Bg5 e6 8. Nf3
Be7 9. Qe2 O-O 10. Rc1 Bd7 11. O-O Ng4 12. Bf4 a6 13. Rfd1 Qb6 14. h3 Nge5 15.
Bb1 Rfd8 16. Be3 Nxf3+ 17. Qxf3 Qxb2 18. Na4 Qa3 19. Nb6 Ne5 20. Qg3 Ba4 21.
Rd4 Rab8 22. c5 Bb5 23. cxd6 Bxd6 24. Rcd1 f6 25. f4 Nf7 26. Nc4 Bxc4 27. Rxc4
Bf8 28. Rdc1 b5 29. R4c3 Qa4 30. Bc2 Qb4 31. e5 fxe5 32. fxe5 Kh8 33. Bb3 Qe4
34. Rc7 Nxe5 35. Rf1 Ng6 36. Bc2 Qe5 37. Bf4 Nxf4 38. Rxf4 Bd6 39. Qh4 Qe3+ 40.
Rf2 Qe1+ 0-1

[Event "XIX C.to NATO"]
[Site "Bruxelles BEL"]
[Date "2008.08.05"]
[Round "3"]
[White "Tommasini, Enzo"]
[Black "Korkmaz, Necmettin"]
[Result "1-0"]
[WhiteElo "2158"]
[BlackElo "2210"]
[PlyCount "67"]
[EventDate "2008.08.04"]

1. d4 d5 2. c4 c6 3. Nf3 Nf6 4. e3 e6 5. Nc3 Nbd7 6. Qc2 Bd6 7. b3 O-O 8. Bb2
e5 9. cxd5 cxd5 10. dxe5 Nxe5 11. Be2 Be6 12. O-O Rc8 13. Rac1 Nfg4 14. g3
Nxf3+ 15. Bxf3 Ne5 16. Bg2 Bg4 17. f3 Bh5 18. Qd2 Bb4 19. Qd4 Nc6 20. Qxd5 Bg6
21. Bh3 Ne7 22. Qxb7 Rb8 23. Qd7 Qb6 24. Qd2 Rbd8 25. Qf2 Rd3 26. Rfd1 Rfd8 27.
Rxd3 Rxd3 28. Bf1 Rd8 29. Na4 Qe6 30. Bc4 Qd7 31. e4 Bd2 32. Rd1 Be3 33. Rxd7
Bxf2+ 34. Kxf2 1-0

[Event "XIX C.to NATO"]
[Site "Bruxelles BEL"]
[Date "2008.08.05"]
[Round "3"]
[White "Wantiez, Fabrice"]
[Black "Gerardi, Saverio"]
[Result "1-0"]
[WhiteElo "2315"]
[BlackElo "2176"]
[PlyCount "77"]
[EventDate "2008.08.04"]

1. e4 c5 2. Nf3 Nc6 3. d4 cxd4 4. Nxd4 e6 5. Nc3 Qc7 6. g3 a6 7. Bg2 b5 8. O-O
Bb7 9. Re1 Bc5 10. Nxc6 Qxc6 11. Be3 Bxe3 12. Rxe3 Nf6 13. Nd5 Nxd5 14. exd5
Qb6 15. a4 O-O 16. c3 Rfc8 17. axb5 axb5 18. Rxa8 Rxa8 19. dxe6 dxe6 20. Bxb7
Qxb7 21. Rd3 g6 22. Rd8+ Rxd8 23. Qxd8+ Kg7 24. Qd4+ f6 25. Qd6 Kf7 26. b3 Qd5
27. Qc7+ Kg8 28. c4 Qd1+ 29. Kg2 Qxb3 30. Qd8+ Kg7 31. Qd7+ Kf8 32. cxb5 Qc4
33. h4 Qe4+ 34. Kh2 Qe2 35. Qc8+ Ke7 36. Qc5+ Kd7 37. b6 Qe5 38. Qc2 Qd5 39.
Qc7+ 1-0

[Event "XIX C.to NATO"]
[Site "Bruxelles BEL"]
[Date "2008.08.06"]
[Round "4"]
[White "Carrascoso Morales, Abel"]
[Black "Tommasini, Enzo"]
[Result "1/2-1/2"]
[WhiteElo "2254"]
[BlackElo "2158"]
[PlyCount "95"]
[EventDate "2008.08.04"]

1. e4 e6 2. d4 d5 3. Nc3 Nf6 4. Bg5 dxe4 5. Nxe4 Be7 6. Bxf6 gxf6 7. Nf3 a6 8.
Qd2 f5 9. Ng3 h5 10. O-O-O Nd7 11. Kb1 Nf6 12. Bd3 b5 13. Qa5 c6 14. Qxd8+ Bxd8
15. Rhe1 Kf8 16. Ne5 Bb7 17. f3 Rg8 18. Bf1 Ba5 19. c3 Rd8 20. Nd3 Bb6 21. Ne2
a5 22. Nef4 h4 23. Nc5 Bxc5 24. dxc5 Ke7 25. Kc2 Rxd1 26. Rxd1 e5 27. Re1 Nd7
28. b4 Bc8 29. bxa5 f6 30. Nd3 Nf8 31. Nb4 Bd7 32. a4 bxa4 33. Ra1 Ne6 34. Rxa4
Nxc5 35. Ra2 Kd6 36. a6 Kc7 37. Kd1 e4 38. Bc4 Rd8 39. Ke2 f4 40. fxe4 Nxe4 41.
Kf3 Nd6 42. Bd3 h3 43. gxh3 Bxh3 44. a7 Ra8 45. Kxf4 Nc8 46. Nxc6 Bd7 47. Nb4
Rxa7 48. Ra6 1/2-1/2

[Event "XIX C.to NATO"]
[Site "Bruxelles BEL"]
[Date "2008.08.06"]
[Round "4"]
[White "Donati, Roberto"]
[Black "Nielsen, Henrik Lindholt"]
[Result "1/2-1/2"]
[WhiteElo "2154"]
[BlackElo "1998"]
[PlyCount "47"]
[EventDate "2008.08.04"]

1. d4 Nf6 2. Nf3 g6 3. b3 Bg7 4. Bb2 d5 5. e3 O-O 6. Be2 b6 7. Nbd2 Bb7 8. O-O
Nbd7 9. c4 c5 10. Rc1 Rc8 11. cxd5 Nxd5 12. a3 cxd4 13. Nxd4 Rxc1 14. Qxc1 Qa8
15. Qa1 Rc8 16. Rc1 N5f6 17. N4f3 Rxc1+ 18. Qxc1 Qc8 19. Bc4 Qc6 20. Qf1 Ne4
21. Bxg7 Nxd2 22. Nxd2 Kxg7 23. Qa1+ Qf6 24. Qxf6+ 1/2-1/2

[Event "XIX C.to NATO"]
[Site "Bruxelles BEL"]
[Date "2008.08.06"]
[Round "4"]
[White "Gerardi, Saverio"]
[Black "Razola Garcia, Joaquin"]
[Result "1/2-1/2"]
[WhiteElo "2176"]
[BlackElo "2105"]
[PlyCount "66"]
[EventDate "2008.08.04"]

1. e4 e6 2. d4 d5 3. exd5 exd5 4. Bd3 Bd6 5. Ne2 Qh4 6. Nbc3 c6 7. Be3 Be6 8.
Qd2 Qe7 9. O-O Nd7 10. Nf4 O-O-O 11. b4 Bxb4 12. Rab1 Nb6 13. Rb3 Nc4 14. Qe2
Na5 15. a3 Bxa3 16. Rbb1 Nc4 17. Bxc4 dxc4 18. Qh5 Bb4 19. Nxe6 fxe6 20. Na2
Nf6 21. Qe2 Bd6 22. Qxc4 Nd5 23. Rb3 Qc7 24. h3 b5 25. Qe2 Rde8 26. c4 bxc4 27.
Qxc4 Kd7 28. Re1 Rb8 29. Rd3 Qa5 30. Bd2 Qb5 31. Qc2 Qb2 32. Qa4 Qb5 33. Qc2
Qb2 1/2-1/2

[Event "XIX C.to NATO"]
[Site "Bruxelles BEL"]
[Date "2008.08.06"]
[Round "4"]
[White "Yeke, Serkan"]
[Black "Benedetti, Fabrizio"]
[Result "1-0"]
[WhiteElo "2287"]
[BlackElo "2191"]
[PlyCount "47"]
[EventDate "2008.08.04"]

1. e4 c5 2. Nf3 Nc6 3. d4 cxd4 4. Nxd4 Qc7 5. Nc3 e6 6. Be3 a6 7. Bd3 b5 8. O-O
Bb7 9. Kh1 Nf6 10. f4 b4 11. e5 bxc3 12. exf6 cxb2 13. Rb1 Nxd4 14. Bxd4 gxf6
15. Rxb2 Rg8 16. c3 Ba3 17. Re2 Ke7 18. Bxh7 Rh8 19. Be4 Bxe4 20. Rxe4 d5 21.
Re3 Bd6 22. Qf3 Rh4 23. g3 Rh3 24. Qg4 1-0

[Event "XIX C.to NATO"]
[Site "Bruxelles BEL"]
[Date "2008.08.07"]
[Round "5"]
[White "Nielsen, Henrik Lindholt"]
[Black "Gerardi, Saverio"]
[Result "1/2-1/2"]
[WhiteElo "1998"]
[BlackElo "2176"]
[PlyCount "94"]
[EventDate "2008.08.04"]

1. d4 d5 2. Nf3 Nf6 3. Bf4 e6 4. e3 c5 5. c3 Nc6 6. Nbd2 cxd4 7. exd4 Bd6 8.
Bxd6 Qxd6 9. Bd3 O-O 10. O-O g6 11. Re1 Nh5 12. g3 f6 13. Nh4 e5 14. Bxg6 hxg6
15. Nxg6 Ng7 16. Nxf8 Qxf8 17. dxe5 fxe5 18. Nf3 Qd6 19. Ng5 Nf5 20. Qh5 Nh6
21. Qe8+ Kg7 22. f4 Qg6 23. Rxe5 Nxe5 24. Qxe5+ Qf6 25. Qxd5 Qb6+ 26. Qd4+
Qxd4+ 27. cxd4 Nf5 28. Nf3 Be6 29. Rc1 Bxa2 30. Rc7+ Kg8 31. g4 Bd5 32. Rc5 Rd8
33. Kf2 Bxf3 34. Rxf5 Bc6 35. Ke3 Re8+ 36. Re5 a5 37. h4 b5 38. Kd3 Rxe5 39.
dxe5 Bf3 40. g5 b4 41. Kc4 Be2+ 42. Kb3 Bd1+ 43. Kc4 Be2+ 44. Kc5 b3 45. f5 Bg4
46. f6 Kf7 47. Kb5 Ke6 1/2-1/2

[Event "XIX C.to NATO"]
[Site "Bruxelles BEL"]
[Date "2008.08.07"]
[Round "5"]
[White "Razola Garcia, Joaquin"]
[Black "Donati, Roberto"]
[Result "1/2-1/2"]
[WhiteElo "2105"]
[BlackElo "2154"]
[PlyCount "72"]
[EventDate "2008.08.04"]

1. e4 c5 2. d4 cxd4 3. c3 d3 4. Bxd3 Nc6 5. c4 d6 6. Nc3 g6 7. Nge2 Bg7 8. Be3
Nf6 9. f3 Nd7 10. O-O Nde5 11. b3 Qa5 12. Rc1 Nxd3 13. Qxd3 O-O 14. Nd5 e6 15.
Ndc3 Rd8 16. Rfd1 b6 17. Nb5 Nb4 18. Qd2 Nxa2 19. Qxa5 bxa5 20. Rc2 Nb4 21.
Rcd2 d5 22. cxd5 Ba6 23. Nc7 Bxe2 24. Rxe2 Rac8 25. d6 Rxc7 26. Bg5 Rcd7 27.
Bxd8 Rxd8 28. e5 Nd5 29. Ree1 Bh6 30. g3 f6 31. f4 g5 32. Rxd5 exd5 33. e6 Bf8
34. e7 Bxe7 35. dxe7 Re8 36. Rd1 Kf7 1/2-1/2

[Event "XIX C.to NATO"]
[Site "Bruxelles BEL"]
[Date "2008.08.07"]
[Round "5"]
[White "Tommasini, Enzo"]
[Black "Vaznonis, Vytautas"]
[Result "1/2-1/2"]
[WhiteElo "2158"]
[BlackElo "2407"]
[PlyCount "57"]
[EventDate "2008.08.04"]

1. d4 d5 2. c4 c6 3. Nf3 Nf6 4. e3 Bf5 5. Nc3 e6 6. Bd3 Bxd3 7. Qxd3 Nbd7 8.
O-O Bd6 9. e4 dxc4 10. Qxc4 e5 11. Bg5 O-O 12. Rad1 Qe7 13. Rfe1 Rad8 14. d5
Nb6 15. Qb3 Bc5 16. dxc6 bxc6 17. Qc2 h6 18. Bh4 Qe6 19. Bg3 Bd6 20. Nh4 g6 21.
Rd3 Nh5 22. Qd2 Kg7 23. Rd1 Be7 24. Qc2 Rxd3 25. Rxd3 Bxh4 26. Bxh4 Nf4 27. Rd1
Nc4 28. Qc1 g5 29. Bg3 1/2-1/2

[Event "XIX C.to NATO"]
[Site "Bruxelles BEL"]
[Date "2008.08.07"]
[Round "6"]
[White "Benedetti, Fabrizio"]
[Black "Nielsen, Henrik Lindholt"]
[Result "1/2-1/2"]
[WhiteElo "2191"]
[BlackElo "1998"]
[PlyCount "125"]
[EventDate "2008.08.04"]

1. e4 c5 2. Nf3 Nc6 3. d4 cxd4 4. Nxd4 e5 5. Nb5 a6 6. Nd6+ Bxd6 7. Qxd6 Qf6 8.
Qd1 Qg6 9. Nc3 Nge7 10. Be3 d5 11. Nxd5 Nxd5 12. Qxd5 Be6 13. Qc5 Qxe4 14. Bd3
Qb4+ 15. c3 Qxc5 16. Bxc5 O-O-O 17. Bc2 Kc7 18. b3 Rd5 19. Be3 Ne7 20. f3 Nf5
21. Bf2 Rhd8 22. g4 Ne7 23. Be3 f5 24. Bg5 R8d7 25. Bxe7 Rxe7 26. gxf5 Bc8 27.
Rd1 Rxd1+ 28. Kxd1 Rf7 29. Rg1 Kd6 30. Ke2 Ke7 31. Ke3 Kf6 32. f4 exf4+ 33.
Kxf4 Rc7 34. c4 Rc5 35. Be4 b5 36. cxb5 axb5 37. Rd1 Bxf5 38. Rd6+ Be6 39. Rb6
g5+ 40. Ke3 h5 41. Bd3 Rc1 42. Bxb5 Rh1 43. Bc4 Rxh2 44. Rxe6+ Kf5 45. a4 g4
46. Re8 Rh1 47. Rf8+ Kg5 48. Kf2 Rc1 49. Kg2 h4 50. Rf1 Rc2+ 51. Rf2 h3+ 52.
Kg1 Rc1+ 53. Rf1 Rc2 54. Be6 Re2 55. Bxg4 Kxg4 56. Ra1 Rb2 57. a5 Rxb3 58. a6
Rb8 59. a7 Ra8 60. Ra5 Kg3 61. Ra3+ Kg4 62. Kh2 Kf4 63. Kxh3 1/2-1/2

[Event "XIX C.to NATO"]
[Site "Bruxelles BEL"]
[Date "2008.08.07"]
[Round "6"]
[White "Donati, Roberto"]
[Black "Jauk, Wilhelm"]
[Result "0-1"]
[WhiteElo "2154"]
[BlackElo "2101"]
[PlyCount "68"]
[EventDate "2008.08.04"]

1. d4 d5 2. e3 c6 3. Nf3 Bg4 4. Be2 e6 5. O-O Bd6 6. b3 Nd7 7. Bb2 Ngf6 8. Nbd2
O-O 9. c4 Rc8 10. Rc1 Bb8 11. Ne5 Bxe2 12. Qxe2 Nxe5 13. dxe5 Nd7 14. f4 Qe7
15. g4 a6 16. Kh1 Ba7 17. Rf3 b5 18. Rh3 bxc4 19. bxc4 Rb8 20. Qd3 g6 21. Ba1
Rb7 22. cxd5 cxd5 23. Qxa6 Nc5 24. Qe2 Rc7 25. Rf1 Rfc8 26. f5 Ne4 27. Nxe4
dxe4 28. f6 Qb4 29. Rg3 Rc2 30. Qe1 Qa3 31. Rh3 Rc1 32. Qh4 Rxf1+ 33. Kg2 Rc2+
34. Kxf1 Qd3+ 0-1